000 00634nam a2200241Ia 4500
005 20260430150601.0
008 008 250103s9999 xx 000 0 eng d
037 _aTheses
040 _aCRL
040 _beng
040 _ceng
041 _2eng
041 _aeng
084 _qCRL
100 _aKhurana Radhika Au.; Nandita Babu Gu.
_91237922
245 0 _aDevelopment of Lie Telling and Lie Detecting Behavior Of Children
260 _c2024
300 _a357p.
650 _aPsychology
700 _aUniversity of Delhi. Faculty of Arts. Deptt. of Pshychology
_91237923
942 _cTH
999 _c1850138
_d1850138